000 00350 a2200157 4500
001 47403
020 _a9788550701738
040 _cAnchieta - Aquarius
100 _aSoares, Antonio de Macedo.
240 1 0 _a=Diário de um banana
_lpor
245 1 0 _a=Diário de um banana
300 _a217 p.
362 0 _a2018
650 4 _aRomance
942 _cBK
999 _c47403
_d47403